| 000 | 00406nam a22001697a 4500 | ||
|---|---|---|---|
| 005 | 20160530155500.0 | ||
| 008 | 160530b xxu||||| |||| 00| 0 eng d | ||
| 020 | _a81-203-2216-9 | ||
| 041 | _aeng | ||
| 082 | _b6167 | ||
| 100 |
_aCenter, Allen H & others _91551 |
||
| 245 | _aPublic Relations Practices | ||
| 260 |
_aNew Delhi _bPHI, _c2004 |
||
| 300 | _a413 | ||
| 650 |
_aManagement _9241 |
||
| 942 | _cBK | ||
| 999 |
_c2191 _d2190 |
||